Представление документа в формате RUSMARC

ПолеНазваниеЗначение
  Тип записи a
  Библиографический уровень a
001 Контрольный номер RU/CBS_UL/BASE/579870231
005 Дата корректировки 20240209175225.0
100 Данные общей обработки __
a Данные общей обработки 20180517d2018 ||| 0rusy0189 ca
101 Язык документа 0_
a Язык текста rus
102 Страна публикации __
a Страна публикации RU
105 Кодированные данные (монография) __
a Кодированные данные (монография) y###||||000|y
200 Заглавие и сведения об ответственности 1_
a Заглавие Точки роста: новые подходы к комплектованию муниципальных библиотек
b Общее обозначение материала Текст
300 Общие примечания __
a Общие примечания Ограничения по возрасту - 16+
461 Уровень набора _0
1 2000
a Университетская книга
463 Уровень физической единицы _0
1 001RU/CBS_UL/BASE/579867601
1 2000
a № 4
v С. 32-38
1 210
d 2018
606 Тематические рубрики 0_
a Основная рубрика Библиотеки - Комплектование
610 Ключевые слова 0_
a Ключевые слова комплектование библиотек
610 Ключевые слова 0_
a Ключевые слова комплектование фондов
610 Ключевые слова 0_
a Ключевые слова библиотеки
610 Ключевые слова 0_
a Ключевые слова библиотечные фонды
610 Ключевые слова 0_
a Ключевые слова муниципальные библиотеки
610 Ключевые слова 0_
a Ключевые слова продвижение фондов
610 Ключевые слова 0_
a Ключевые слова использование фондов
686 Индексы других классификаций __
a Классификационный индекс 78.36
2 Код системы ББК
801 Источник записи _0
a Страна RU
b Организация МБУК ЦБС г. Ульяновска
c Дата составления 20180517
g Правила каталогизации RCR
801 Источник записи _1
a Страна RU
b Организация МБУК ЦБС г. Ульяновска
c Дата составления 20180517
g Правила каталогизации RCR
901 Тип документа __
t Тип документа b
w Контрольный № источника RU/CBS_UL/BASE/579867601
910 Корректоры записи __
a Корректор записи Ильина
938 Служебная информация __
a Имя БД period